Vista normal
Vista MARC
Entrada Topical Term
Número de registros utilizados en: 1
001 - CONTROL NUMBER
- control field: 36915
003 - CONTROL NUMBER IDENTIFIER
- control field: OSt
005 - DATE AND TIME OF LATEST TRANSACTION
- control field: 20210416111800.0
008 - FIXED-LENGTH DATA ELEMENTS
- fixed length control field: 210416|| aca||aabn | a|a d
040 ## - CATALOGING SOURCE
- Original cataloging agency: OSt
- Transcribing agency: OSt
150 ## - HEADING--TOPICAL TERM
- Topical term or geographic name entry element: Política económica
670 ## - SOURCE DATA FOUND
- Source citation: Work cat.: (OSt)11508: Reinel Pulecio, Joege, editor 36914, Sociedad Civil e Integración en las Américas: , 1997.